00736nam a2200241 a 4500001001300000003000900013005001700022008004100039020000900080082002000089100002000109245006000129260006000189300000800249500003500257505003300292650001700325700002000342902000800362942000700370952010000377999001700477nice12345678IN_TiNIC20260116013325.0050524s1999 newa grp 000 0 eng  ac2500a305.480297bHUS aHussain, Sabiha aBreaking Stereotypesb Two Generations of Muslim Women. aNew DelhibCentre for Women`s Development Studiesc1999 a18p aincludes index and biblioraphy2 aoccasional paper No.32, 1999 aMuslim Women1 aHussain, Sabiha bSRC cBK 00114070aHMIbHMId2007-07-04g25.00l0o305.480297 HUSp019795r2007-07-04w2026-01-16yBK c10559d10559